00538nam a2200169Ia 4500008004100000040001900041041001200060082002700072245007200099250001200171260003400183300003600217504004800253650002400301700002200325850002100347131103s9999 xx 000 0 und d aLoreto College aEnglish a372.21/HEAbLCBED/1565 aFoster and headley's education in the kindergartencNeith E Headley a3rd ed. aNew YorkbAmerican Bookc1959 axii,499p.b ill.,photosc 22cm. aIncludes bibliographical references & index aElementary edcation aHeadley, Neith E. aLCBED/372.21/HEA